Word Beyond the Basics (Record no. 5284)
[ view plain ]
| 005 - DATE AND TIME OF LATEST TRANSACTION | |
|---|---|
| control field | 20250626103001.0 |
| 020 ## - INTERNATIONAL STANDARD BOOK NUMBER | |
| International Standard Book Number | 978-1-910523-12-4 |
| 082 ## - DEWEY DECIMAL CLASSIFICATION NUMBER | |
| Classification number | 001.6 HEA |
| 100 ## - MAIN ENTRY--PERSONAL NAME | |
| Author name | HEATHCORE, P .M . |
| 245 ## - TITLE STATEMENT | |
| Title | Word Beyond the Basics |
| 260 ## - PUBLICATION, DISTRIBUTION, ETC. | |
| Place of publication, distribution, etc. | Glasgow, |
| Name of publisher, distributor, etc. | P. M Heathcore, |
| Date of publication, distribution, etc. | 2018. |
| 300 ## - PHYSICAL DESCRIPTION | |
| Extent | vi, 90p.: ill.; |
| Other physical details | index, |
| Dimensions | 25cm. |
| 856 ## - ELECTRONIC LOCATION AND ACCESS | |
| Link text | Access Online Book |
| Electronic name | Computer |
| Path | https://poppycyster.com |
| 942 ## - ADDED ENTRY ELEMENTS (KOHA) | |
| Source of classification or shelving scheme | Dewey Decimal Classification |
| Koha item type | Books |
| Date last seen | Total checkouts | Full call number | Barcode | Cost, replacement price | Price effective from | Koha item type | Lost status | Source of classification or shelving scheme | Damaged status | Not for loan | Withdrawn status | Home library | Current library | Shelving location | Date acquired | Source of acquisition | Cost, normal purchase price |
|---|---|---|---|---|---|---|---|---|---|---|---|---|---|---|---|---|---|
| 06/26/2025 | 001.6 HEA | MZA0002069 | 150000.00 | 06/26/2025 | Books | Dewey Decimal Classification | CBE Mwanza | CBE Mwanza | General Collection | 07/09/2019 | Library Budget | 50000.00 | |||||
| 06/26/2025 | 001.6 HEA | MZA0002070 | 150000.00 | 06/26/2025 | Books | Dewey Decimal Classification | CBE Mwanza | CBE Mwanza | General Collection | 07/09/2019 | Library Budget | 50000.00 | |||||
| 06/26/2025 | 001.6 HEA | MZA0002071 | 150000.00 | 06/26/2025 | Books | Dewey Decimal Classification | CBE Mwanza | CBE Mwanza | General Collection | 07/09/2019 | Library Budget | 50000.00 | |||||
| 06/26/2025 | 001.6 HEA | MZA0002072 | 150000.00 | 06/26/2025 | Books | Dewey Decimal Classification | CBE Mwanza | CBE Mwanza | General Collection | 07/09/2019 | Library Budget | 50000.00 | |||||
| 06/26/2025 | 001.6 HEA | MZA0002073 | 150000.00 | 06/26/2025 | Books | Dewey Decimal Classification | CBE Mwanza | CBE Mwanza | General Collection | 07/09/2019 | Library Budget | 50000.00 | |||||
| 06/26/2025 | 001.6 HEA | MZA0002074 | 150000.00 | 06/26/2025 | Books | Dewey Decimal Classification | CBE Mwanza | CBE Mwanza | General Collection | 07/09/2019 | Library Budget | 50000.00 |
